000
00355 a2200133 4500
000
nam a22 7a 4500
100
_a
Ratan Lal
110
_a
Ratan Lal
245
_a
संस्कृत ज्ञान-विज्ञान
250
_a
Latest edition
260
_b
satyam Publication
_c
2022
264
_b
satyam Publication
_c
2022
942
_c
BK
999
_c
395886
_d
395886